Sunrise Europe : The dynamics of information technology
Αποθηκεύτηκε σε:
| Κύριος συγγραφέας: | |
|---|---|
| Μορφή: | Βιβλίο |
| Γλώσσα: | Undetermined |
| Έκδοση: |
Oxford
B. Blackwell
1986
|
| Θέματα: | |
| Ετικέτες: |
Προσθήκη ετικέτας
Δεν υπάρχουν, Καταχωρήστε ετικέτα πρώτοι!
|
| Thư viện lưu trữ: | Trung tâm Học liệu Trường Đại học Cần Thơ |
|---|
| LEADER | 00553nam a2200205Ia 4500 | ||
|---|---|---|---|
| 001 | CTU_95468 | ||
| 008 | 210402s9999 xx 000 0 und d | ||
| 082 | |a 338.4 | ||
| 082 | |b M158 | ||
| 100 | |a Mackintosh, Ian | ||
| 245 | 0 | |a Sunrise Europe : | |
| 245 | 4 | |b The dynamics of information technology | |
| 245 | 0 | |c Ian Mackintosh | |
| 260 | |a Oxford | ||
| 260 | |b B. Blackwell | ||
| 260 | |c 1986 | ||
| 650 | |a Computer industry,Market surveys | ||
| 650 | |z Europe,Europe | ||
| 904 | |i M.Loan | ||
| 980 | |a Trung tâm Học liệu Trường Đại học Cần Thơ | ||